| 000 | 01039njm a2200289Ia 4500 | ||
|---|---|---|---|
| 001 | D7445 | ||
| 003 | IT-RoPAU | ||
| 005 | 20220918181129.0 | ||
| 008 | 131025s9999 xx 000 0 und d | ||
| 040 | _aIT-RoPAU | ||
| 040 | _cIT-RoPAU | ||
| 999 |
_c100470 _d100470 |
||
| 999 | _bn.d. | ||
| 100 |
_aFacchini Carlo _931124 |
||
| 100 |
_eAutore musica _931125 |
||
| 100 |
_gCodice autore musica SPICS: 46247 _931126 |
||
| 245 | _aSanctus Gregorian Now | ||
| 250 | _a1a ed. | ||
| 260 | _aALBANO | ||
| 260 |
_bEP - MUSICALI E DISCOGRAFICHE _c1996 [1a Ed.:1996 - Ed. Lingua Orig.: 1996] |
||
| 300 | _aCOMPACT DISC | ||
| 300 | _c49 minuti (Testo: pag.) | ||
| 500 | _aMusica religiosa. Canto gregoriano. | ||
| 505 | _aSanctus - Pater noster - Dextera domini - Regina coeli - Gloria - Victimae paschalis - Pascha nostrum - Resurrexit - Isti sunt agni novelli - Litanie - Processio | ||
| 650 |
_aGREGORIANO [COMPACT DISC] _eCodice MATERIA SPICS: 9949 _928233 |
||
| 700 |
_aFacchini Carlo _gCodice interprete SPICS: 46247 _eInterprete _931127 |
||
| 942 |
_cCD _2ddc |
||